Le misanthrope : comedie
Αποθηκεύτηκε σε:
| Κύριος συγγραφέας: | |
|---|---|
| Μορφή: | Βιβλίο |
| Γλώσσα: | French |
| Δημοσίευση: |
Paris :
Hachette,
1904.
|
| Θέματα: | |
| Ετικέτες: |
Προσθήκη ετικέτας
Δεν υπάρχουν, Καταχωρήστε ετικέτα πρώτοι!
|
MARC
| LEADER | 00000cam a2200000 i 4500 | ||
|---|---|---|---|
| 001 | 1/63230 | ||
| 008 | 150113s1904 fr ||| | fre|| | ||
| 035 | |l 10120375 | ||
| 040 | |a GR-MyUA |b gre |e AACR2 | ||
| 041 | 0 | |a fre | |
| 082 | 0 | |a 842 |2 (23) | |
| 100 | 1 | |a Moliere, |d 1622-1673. | |
| 245 | 1 | 3 | |a Le misanthrope : |b comedie / |c edition publiee conformement au texte des Grands Ecrivains de la France ; avec une notice, une analyse et des notes philologiques et litteraires par R. Lavigne. |
| 260 | |a Paris : |b Hachette, |c 1904. | ||
| 300 | |a 168 σ. ; |c 16 εκ. | ||
| 500 | |a Στο verso ετικέτα "Τη Πορφυριάδι Σχολή Καρλοβασίων, Δημήτριος Γ. Μανταφούνης". αρ. 918. | ||
| 650 | 0 | 0 | |a French drama. |
| 700 | 1 | |a Lavigne, Rene, |e oth | |
| 852 | |a INST |b SAMOS |c PORFYRIADA |e 20150113 |h 842 MOL |p 005300041157 |q 005300041157 |t NOLOAN |y 23 | ||
| 901 | |a BIBL3-2015-1 | ||
| 909 | |a Σ |b 185761 | ||
| 970 | |a ΣΙΤΖΙΜΗ |b ΓΙΑΣΕΜΗ |z 2015/01/13 | ||